| 000 | 00489nam a22001697a 4500 | ||
|---|---|---|---|
| 005 | 20251108165204.0 | ||
| 008 | 250721s1987 xx 000 0 ara d | ||
| 082 | 1 | 4 | _a956/حسي |
| 100 | 1 | _aمؤنس، حسين | |
| 245 | 1 | 0 | _aالإسلام حضارة / |
| 264 | 1 |
_aجدة : _bدار السعودية للنشر و التوزيع، _c1987. |
|
| 300 | _a392ص | ||
| 650 | 1 | 7 | _aتاريخ العرب |
| 650 | 1 | 7 | _aالحضارة الإسلامية |
| 942 |
_2ddc _cBK |
||
| 999 |
_c21641 _d21641 |
||